• 首页
  • 本馆介绍
  • 公告通知
  • 最新文献
  • 馆藏检索
  • 电子资源
  • 读者导购
  • 参考咨询
  • 我的图书馆
  • 登录
  • 详细信息显示
  • 放入我的书架
  • 预约/预借图书
  • 作者相关作品
  • 分类相关作品
  • 丛书相关作品
  • 出版社相关作品

书目信息

  • 表格格式
  • 工作单格式
  • 卡片格式
题名:
运动解剖学学习指导
    
 
作者: 王景贵 , 李世昌 主编
分册:  
出版信息: 北京   人民体育出版社  2004
页数: 312页
开本: 20cm
丛书名:
单 册:
中图分类: G804.4
科图分类:
主题词: 运动解剖--解剖学--高等学校
电子资源:
ISBN: 7-5009-2595-6
000 00795nam0 2200229 45
001 002736071
005 20050224162105.8
010    @a7-5009-2595-6@dCNY15.00
100    @a20041013d2004 em y0chiy0110 ea
101 0  @achi
102    @aCN@b110000
105    @aa z 000yy
200 1  @a运动解剖学学习指导@Ayun dong jie pou xue xue xi zhi dao@f王景贵,李世昌主编@FWang Jing Gui,Li Shi Chang Zhu Bian
210    @a北京@c人民体育出版社@d2004
215    @a312页@c图@d20cm
330    @a全书分为学习要点与方法、习题与答案、实验与练习、模拟测试与评分标准和学习内容归纳表五个部分。每部分的编写体例均与教材匹配。
606 0  @a运动解剖@x解剖学@x高等学校
690    @aG804.4@v4
701  0 @a王景贵@4主编
701  0 @a李世昌@4主编
801  0 @aCN@bNLC@c20041109
905    @b342643-647@dG804.4@e143@f5
    
    运动解剖学学习指导/王景贵,李世昌主编.-北京:人民体育出版社,2004
    312页:图;20cm
    
    
    ISBN 7-5009-2595-6:CNY15.00
    全书分为学习要点与方法、习题与答案、实验与练习、模拟测试与评分标准和学习内容归纳表五个部分。每部分的编写体例均与教材匹配。
●
相关链接 在E读中查询图书 在五车中查询图书 在当当中查询图书 在豆瓣中查询图书


正题名:运动解剖学学习指导     索取号:G804.4/143         预约/预借

序号 登录号 条形码 馆藏地/架位号 状态 备注
1 0342643   203426435   第一样本阅览室/ [索取号:G804.4/143] 在馆    
2 0342644   203426444   第四借阅区/ [索取号:G804.4/143] 在馆    
3 0342645   203426453   第四借阅区/ [索取号:G804.4/143] 在馆    
4 0342646   203426462   第四借阅区/ [索取号:G804.4/143] 在馆    
5 0342647   203426471   第四借阅区/ [索取号:G804.4/143] 在馆    
唐山师范学院图书馆 欢迎您!
大连网信软件有限公司© 版权所有